000 00276nam a2200109Ia 4500
008 220120s9999||||xx |||||||||||||| ||und||
100 _aGodse, A.P
_91195
245 0 _aDigital electronic fundamentals
260 _bNew Delhi
300 _a274p.
_b0
650 _aENERGY CONVERSION
999 _c136249
_d136249